=LDR 00000nam 2200000 4500 =001 INLIS000000000028366 =005 20201221073220 =035 ##$$a 0010-061300000028366 =008 201221################g##########0#ind## =041 ##$$a Ind =082 ##$$a 320.598 =090 ##$$a 320.598, Gun a =100 1#$$a Gunawan, Bondan S =245 1#$$a Apa itu demokrasi, Bondan Gunawan S /$c Bondan Gunawan S =260 ##$$a Jakarta :$b Sinar harapan,$c 2000 =300 ##$$a x, 46 hlm, 17 cm ; $c 19 x 11 cm =650 #4$$a Indonesia - Politik dan Pemerintahan =850 ##$$a NBPNMAT =020 ##$$a 979-416-640-5 =084 ##$$a 320.598 GUN a =250 ##$$a cet.1 =990 ##$$a 20700760 =990 ##$$a 20700260